[Event "AUTO-OPEN-750"]
[Site "http://www.queenalice.com/game.php?id=328261"]
[Date "2007.12.30"]
[Round "2"]
[White "Berlin89"]
[Black "Petruzza"]
[Result "1-0"]
[WhiteElo "1628"]
[BlackElo "1717"]

1. e4 e6 2. d4 Na6 3. Nf3 Bb4+ 4. c3 Ba5 5. Bd3 h6 6. O-O g5 7. Ne5 d6 8. f4
dxe5 9. fxe5 h5 10. Qf3 Rh6 11. Qxf7# 1-0

[Event "AUTO-OPEN-750"]
[Site "http://www.queenalice.com/game.php?id=328266"]
[Date "2007.12.30"]
[Round "2"]
[White "Berlin89"]
[Black "smoran90"]
[Result "0-1"]
[WhiteElo "1621"]
[BlackElo "2302"]

1. e4 c5 2. d4 cxd4 3. c3 Nf6 4. e5 Nd5 5. cxd4 e6 6. Bc4 Nb6 7. Bb3 Nc6 8. Nf3
d6 9. O-O Be7 10. Nc3 O-O 11. Bc2 Nb4 12. Bb1 Bd7 13. Bxh7+ Kxh7 14. Ng5+ Bxg5
15. Qh5+ Bh6 16. Bxh6 gxh6 17. f4 Bc6 18. d5 N6xd5 19. f5 Qg5 20. Qh3 Nf4 21.
Qe3 Qxg2# 0-1

[Event "AUTO-OPEN-750"]
[Site "http://www.queenalice.com/game.php?id=328267"]
[Date "2007.12.30"]
[Round "2"]
[White "smoran90"]
[Black "Berlin89"]
[Result "1-0"]
[WhiteElo "2292"]
[BlackElo "1603"]

1. e4 e5 2. Nf3 Nc6 3. Bb5 Nf6 4. O-O Nxe4 5. Re1 Nd6 6. Nxe5 Be7 7. Bf1 O-O 8.
d4 Nf5 9. c3 d5 10. Nd3 Nd6 11. Qf3 Ne4 12. Nd2 f5 13. Nf4 Bg5 14. Nb3 Rf6 15.
Nxd5 Rd6 16. Bc4 Kh8 17. Nxc7 h6 18. Nxa8 Bd7 19. Bxg5 Nxg5 20. Qf4 Be8 21.
Rxe8+ Qxe8 22. Qxd6 Qxa8 23. Re1 Ne4 24. Qe6 Qf8 25. Qf7 Qc8 26. Be6 Qd8 27. Nc5
Nxc5 28. dxc5 a6 29. Bxf5 Qf6 30. Re8# 1-0

[Event "AUTO-INT-738"]
[Site "http://www.queenalice.com/game.php?id=329708"]
[Date "2008.1.2"]
[Round "1"]
[White "SGF"]
[Black "Berlin89"]
[Result "0-1"]
[WhiteElo "1540"]
[BlackElo "1615"]

1. e4 e5 2. Qh5 Nf6 3. Qxe5+ Be7 4. h4 Nc6 5. Qf4 O-O 6. h5 d5 7. h6 g6 8. exd5
Qxd5 9. Qxc7 Bf5 10. Nc3 Qe5+ 11. Qxe5 Nxe5 12. d3 Rfc8 13. g3 Bb4 14. Bf4 Ned7
15. Bg5 Bxc3+ 16. bxc3 Rxc3 17. Ne2 Rxc2 18. Nd4 Rcc8 19. Rb1 b6 20. Nc6 Rxc6
21. d4 Re8+ 22. Be2 Rc2 23. Be3 Rxe2+ 24. Kxe2 Bxb1 25. Rxb1 Ng4 26. Kf1 Nxe3+
27. fxe3 Rxe3 28. Kf2 Rd3 29. Rb4 f5 30. a4 Kf7 31. a5 bxa5 32. Rb7 Rxd4 33.
Rxa7 a4 34. Ke3 Re4+ 35. Kf3 Ke6 36. Ra6+ Kd5 37. Ra7 Nf8 38. Ra5+ Kc6 39. Ra8
Ne6 40. Rh8 Ng5+ 41. Kg2 Kb5 42. Rb8+ Kc6 43. Rc8+ Kb7 44. Rd8 a3 45. Rd7+ Ka6
46. Rd3 Ra4 47. Rd8 a2 48. Ra8+ Kb5 49. Rxa4 Kxa4 50. Kf2 a1=Q 51. Ke3 Qg1+ 52.
Kf4 Nf7 53. Kf3 Nxh6 54. Kf4 Nf7 55. Kf3 Qf1+ 56. Ke3 Nd6 57. Kd4 Qc4+ 58. Ke5
Qc5+ 59. Kf6 Ne4+ 60. Kg7 g5 61. Kxh7 Qd6 62. Kg7 Qf6+ 63. Kh7 Nd6 64. Kg8 Qg6+
65. Kh8 Nf7# 0-1

[Event "AUTO-INT-738"]
[Site "http://www.queenalice.com/game.php?id=329709"]
[Date "2008.1.2"]
[Round "1"]
[White "Berlin89"]
[Black "SGF"]
[Result "1-0"]
[WhiteElo "1601"]
[BlackElo "1553"]

1. e4 e5 2. f4 exf4 3. Nf3 Qe7 4. Nc3 Nf6 5. e5 Nc6 6. d4 Nb4 7. Bxf4 d6 8. Bd3
dxe5 9. dxe5 Bg4 10. O-O h6 11. exf6 gxf6 12. Re1 Be6 13. Nd4 Rd8 14. Nf5 Qc5+
15. Kh1 Rd5 16. Ne3 Rd4 17. Bg3 h5 18. Ne4 Qa5 19. Nxf6+ Ke7 20. Nxh5 Bxa2 21.
Nc4+ Kd8 22. Qf3 Qb5 23. Na3 Qxh5 24. Qf6+ Kc8 25. Re8+ Kd7 26. Rd8# 1-0

[Event "AUTO-INT-738"]
[Site "http://www.queenalice.com/game.php?id=329724"]
[Date "2008.1.2"]
[Round "1"]
[White "Berlin89"]
[Black "txukahamae"]
[Result "0-1"]
[WhiteElo "1619"]
[BlackElo "1627"]

1. e4 Nf6 2. e5 Nd5 3. d4 d6 4. c4 Nb6 5. f4 Nc6 6. Nf3 Bg4 7. Be2 Bxf3 8. Bxf3
Nxc4 9. O-O e6 10. Nc3 Be7 11. Bxc6+ bxc6 12. f5 exf5 13. Qd3 Nb6 14. Qxf5 O-O
15. Qg4 g6 16. Bh6 Re8 17. Rf2 Bf8 18. Bg5 Be7 19. Rf6 Bxf6 20. exf6 Nd5 21.
Nxd5 cxd5 22. Rf1 Qc8 23. Qh4 Re4 24. Qf2 Qg4 25. h4 Rxd4 26. Qc2 Rc4 27. Qd2
Qd4+ 28. Qe3 Qxe3+ 29. Bxe3 Rxh4 30. Rd1 Rh5 31. g4 Re5 32. Bf2 h6 33. Kg2 a6
34. Bd4 Re4 35. Bc3 Rxg4+ 36. Kf3 h5 37. Rxd5 Rc4 38. Kg3 Re8 39. Rd3 Ree4 40.
Kh3 Rh4+ 41. Kg3 Rcg4+ 42. Kf2 Rh2+ 43. Kf1 Rh1+ 44. Kf2 Rh2+ 45. Kf1 Rhg2 46.
a3 R2g3 47. Rd2 h4 48. Rh2 h3 49. Be1 Rg1+ 50. Kf2 R1g2+ 51. Rxg2 Rxg2+ 0-1

[Event "AUTO-INT-738"]
[Site "http://www.queenalice.com/game.php?id=329725"]
[Date "2008.1.2"]
[Round "1"]
[White "txukahamae"]
[Black "Berlin89"]
[Result "1-0"]
[WhiteElo "1640"]
[BlackElo "1648"]

1. d4 Nf6 2. c4 g6 3. Nc3 d5 4. Nf3 Bg7 5. Bg5 O-O 6. Bxf6 Bxf6 7. cxd5 c6 8.
dxc6 Nxc6 9. e3 Bg4 10. Be2 Qb6 11. Qc2 Nb4 12. Qd2 Rfd8 13. a3 Qa5 14. O-O Nc6
15. h3 Bxf3 16. Bxf3 Nxd4 17. exd4 Rxd4 18. Qe1 Rad8 19. Rd1 Qb6 20. Rxd4 Rxd4
21. Qe2 Rd8 22. Qc2 a6 23. Rd1 Rc8 24. Bg4 Qa5 25. Bxc8 b5 26. Qd2 Qc7 27. Qd8+
1-0

[Event "AUTO-INT-790"]
[Site "http://www.queenalice.com/game.php?id=352825"]
[Date "2008.2.11"]
[Round "1"]
[White "Dyggo"]
[Black "Berlin89"]
[Result "0-1"]
[WhiteElo "1659"]
[BlackElo "1678"]

1. e4 e5 2. Nf3 Nc6 3. Bb5 a6 4. Ba4 Nf6 5. O-O b5 6. Bb3 Be7 7. Re1 O-O 8. c3
d5 9. exd5 e4 10. dxc6 exf3 11. Qxf3 Bg4 12. Qe3 Re8 13. d4 Bd6 14. Qd2 Ne4 15.
Qd3 Bxh2+ 16. Kf1 Ng3+ 0-1

[Event "AUTO-INT-790"]
[Site "http://www.queenalice.com/game.php?id=352826"]
[Date "2008.2.11"]
[Round "1"]
[White "Berlin89"]
[Black "Dyggo"]
[Result "0-1"]
[WhiteElo "1693"]
[BlackElo "1669"]

1. e4 c5 2. d4 cxd4 3. c3 dxc3 4. Nxc3 Nc6 5. Nf3 g6 6. Bc4 Bg7 7. Bf4 Nf6 8. e5
Nh5 9. Bxf7+ Kxf7 10. Ng5+ Ke8 11. Bg3 Nxe5 12. Bxe5 Bxe5 13. Qd5 Bxc3+ 14. bxc3
e6 15. Qe5 Rf8 16. Nxh7 Rf7 17. Ng5 Qf6 18. Qe3 Nf4 19. Qg3 Qe5+ 20. Kf1 Qb5+
21. Kg1 Ne2+ 0-1

[Event "AUTO-INT-790"]
[Site "http://www.queenalice.com/game.php?id=352837"]
[Date "2008.2.11"]
[Round "1"]
[White "Berlin89"]
[Black "junior_chess"]
[Result "1-0"]
[WhiteElo "1666"]
[BlackElo "1578"]

1. c4 e5 2. Nc3 Qf6 3. Nf3 Bc5 4. e3 d6 5. Ne4 Qe6 6. Nxc5 dxc5 7. d3 Nf6 8. Be2
Nc6 9. O-O Ng4 10. h3 Nf6 11. Rb1 O-O 12. a3 a5 13. Ng5 Qf5 14. e4 Qd7 15. f4
exf4 16. Bxf4 b6 17. e5 Bb7 18. exf6 Nd4 19. fxg7 Rfe8 20. Bf3 Nxf3+ 21. Nxf3
Bxf3 22. Qxf3 Re6 23. Qxa8+ Re8 24. Qf3 Kxg7 25. Qg3+ Kh8 26. Rbe1 Qd4+ 27. Kh1
Rg8 28. Be5+ 1-0

[Event "AUTO-INT-790"]
[Site "http://www.queenalice.com/game.php?id=352838"]
[Date "2008.2.11"]
[Round "1"]
[White "junior_chess"]
[Black "Berlin89"]
[Result "0-1"]
[WhiteElo "1719"]
[BlackElo "1647"]

1. e4 e5 2. Nf3 Nc6 3. Nc3 Nf6 4. Bb5 Nd4 5. Nxd4 exd4 6. Nd5 c6 7. e5 Nxd5 8.
Ba4 Bc5 9. O-O O-O 10. c3 b5 11. Bc2 Ba6 12. Bb1 b4 13. Qc2 d3 14. Qa4 Qb6 15.
Re1 Bxf2+ 16. Kf1 Bxe1 17. Kxe1 Qg1# 0-1

[Event "Partida Abril #81"]
[Site "http://www.queenalice.com/game.php?id=395252"]
[Date "2008.4.29"]
[Round "-"]
[White "SRIVERO"]
[Black "Berlin89"]
[Result "0-1"]
[WhiteElo "1711"]
[BlackElo "1660"]

1. d4 Nf6 2. c4 e5 3. Nc3 Bb4 4. Bd2 exd4 5. Nd5 Bxd2+ 6. Qxd2 c5 7. e3 Nc6 8.
a3 a5 9. Nf3 O-O 10. Bd3 d6 11. O-O Be6 12. Nxf6+ Qxf6 13. exd4 Nxd4 14. Nxd4
cxd4 15. f4 Rfc8 16. b3 a4 17. b4 Bxc4 18. Rac1 Bxd3 19. Qxd3 Rxc1 20. Rxc1 Qxf4
21. Rf1 Qe3+ 22. Qxe3 dxe3 23. Re1 Re8 24. Kf1 d5 25. Ke2 d4 26. Kd3 Rd8 27. g4
g6 28. h4 h5 29. gxh5 gxh5 30. b5 b6 31. Ke4 d3 32. Kxe3 d2 33. Rd1 f5 34. Kf4
Rd5 35. Kg5 Kf7 36. Kf4 Kf6 37. Kf3 Ke5 38. Ke3 f4+ 39. Ke2 Ke4 40. Rxd2 Rxd2+
41. Kxd2 Kf3 42. Kd3 Kf2 43. Ke4 f3 44. Kf4 Ke2 45. Kg5 f2 46. Kxh5 f1=Q 47. Kh6
Qf4+ 48. Kg6 Qxh4 49. Kf5 Qd4 50. Ke6 Qc5 51. Kd7 Qxb5+ 52. Kc7 Qc5+ 53. Kb7 b5
54. Ka6 Qc6+ 55. Ka5 Qc5 56. Ka6 Kd3 57. Ka5 Kc3 58. Ka6 Kb3 59. Ka5 Kxa3 60.
Ka6 Kb4 61. Kb7 Qd6 62. Ka7 Qc6 63. Kb8 Qd7 64. Ka8 Ka5 65. Kb8 Kb6 66. Ka8 Qa7#
0-1

[Event "Partida Abril #83"]
[Site "http://www.queenalice.com/game.php?id=395254"]
[Date "2008.4.29"]
[Round "-"]
[White "SRIVERO"]
[Black "Berlin89"]
[Result "1-0"]
[WhiteElo "1687"]
[BlackElo "1676"]

1. d4 Nf6 2. c4 e6 3. Nc3 Bb4 4. Nf3 b6 5. e3 Bb7 6. Be2 O-O 7. O-O Be7 8. Re1
d6 9. Qc2 Nbd7 10. b4 a6 11. Bb2 Qb8 12. Bd3 Rc8 13. e4 c5 14. bxc5 dxc5 15. e5
Bxf3 16. exf6 cxd4 17. fxe7 dxc3 18. Bxc3 Bb7 19. Bxh7+ Kh8 20. Re3 Nf6 21. Rh3
g6 22. Bxg6+ Kg7 23. Rh7+ Kg8 24. Bxf6 Rxc4 25. Rh8# 1-0

[Event "Let's Play Chess!"]
[Site "http://www.queenalice.com/game.php?id=411127"]
[Date "2008.6.1"]
[Round "-"]
[White "vanhoute"]
[Black "Berlin89"]
[Result "1-0"]
[WhiteElo "1670"]
[BlackElo "1687"]

1. e4 e5 2. Nf3 Nc6 3. Bb5 Nf6 4. Bxc6 dxc6 5. O-O Bd6 6. Nc3 Bg4 7. d3 O-O 8.
Bg5 h6 9. Bh4 Qe7 10. Qe2 Qe6 11. Qe3 Nh5 12. Bg3 Nxg3 13. fxg3 f5 14. exf5 Bxf5
15. Ne4 Be7 16. Nc5 Bxc5 17. d4 exd4 18. Qxe6+ Bxe6 19. Kh1 1-0

[Event "Let's Play Chess!"]
[Site "http://www.queenalice.com/game.php?id=411159"]
[Date "2008.6.1"]
[Round "-"]
[White "Berlin89"]
[Black "Mehe"]
[Result "1/2-1/2"]
[WhiteElo "1678"]
[BlackElo "2133"]

1. e4 c5 2. d4 cxd4 3. c3 dxc3 4. Nxc3 Nc6 5. Nf3 e6 6. Bf4 d6 7. Nb5 e5 8. Bg5
f6 9. Be3 Be6 10. Be2 Kf7 11. O-O a6 12. Nc3 Nge7 13. Nh4 d5 14. f4 d4 15. f5
dxe3 16. fxe6+ Kg8 17. Bh5 g6 18. Rxf6 Qxd1+ 19. Bxd1 Nd4 20. Ne2 Nec6 1/2-1/2

[Event "Let's Play Chess!"]
[Site "http://www.queenalice.com/game.php?id=411162"]
[Date "2008.6.1"]
[Round "-"]
[White "enrikov"]
[Black "Berlin89"]
[Result "1-0"]
[WhiteElo "1935"]
[BlackElo "1670"]

1. c4 Nf6 2. Nc3 e6 3. d4 Bb4 4. Nf3 c5 5. Bg5 cxd4 6. Nxd4 Be7 7. e4 d6 8. Be2
a6 9. O-O O-O 10. Re1 b6 11. Bf3 Bb7 12. Rc1 Nbd7 13. a3 Qb8 14. b4 Bd8 15. Bxf6
Nxf6 16. Qd3 Bc7 17. g3 d5 18. exd5 exd5 19. cxd5 Rd8 20. Nf5 g6 21. Ne3 a5 22.
b5 1-0

[Event "go2"]
[Site "http://www.queenalice.com/game.php?id=413752"]
[Date "2008.6.6"]
[Round "-"]
[White "Berlin89"]
[Black "mbubi"]
[Result "0-1"]
[WhiteElo "1692"]
[BlackElo "1977"]

1. f4 b6 2. Nc3 Bb7 3. e4 d6 4. Nf3 g6 5. Bc4 Bg7 6. Bxf7+ Kxf7 7. Ng5+ Ke8 8.
d4 Qd7 9. d5 c6 10. Ne6 Kf7 11. O-O Bxc3 12. bxc3 cxd5 0-1